• 首页
  • 本馆介绍
  • 公告通知
  • 最新文献
  • 馆藏检索
  • 电子资源
  • 读者导购
  • 参考咨询
  • 我的图书馆
  • 登录
  • 详细信息显示
  • 放入我的书架
  • 预约/预借图书
  • 作者相关作品
  • 分类相关作品
  • 丛书相关作品
  • 出版社相关作品

书目信息

  • 表格格式
  • 工作单格式
  • 卡片格式
题名:
国际科技合作政策与战略
    
 
作者: ;国际科技合作政策与战略研究课题组 编著
分册:  
出版信息: 北京   科学出版社  2009
页数: 13,305页
开本: 26cm
丛书名:
单 册:
中图分类: G321.5
科图分类:
主题词: 国际合作--科学技术合作--科技政策--研究--世界 , 国际合作--科学技术合作--发展战略--研究--世界 , 国际合作 , 科学技术合作 , 科技政策 , 发展战略
电子资源:
ISBN: 978-7-03-022958-8
000 01434nam0 2200313 45
001 1029958163
005 20100428151314.03
010    @a978-7-03-022958-8@dCNY65.00
100    @a20100420d2009 em y0chiy50 ea
101 0  @achi
102    @aCN@b110000
105    @ay z 000yy
106    @ar
200 1  @a国际科技合作政策与战略@AGuo Ji Ke Ji He Zuo Zheng Ce Yu Zhan Lue@f国际科技合作政策与战略研究课题组编著@FGuo Ji Ke Ji He Zuo Zheng Ce Yu Zhan Lue Yan Jiu Ke Ti Zu Bian Zhu
210    @a北京@c科学出版社@d2009
215    @a13,305页@d26cm
312    @a封面英文题名:International science and technology cooperation policy and strategy
330    @a本书对世界各国国际科技合作政策与战略进行较为系统的分析和研究,旨在分析世界主要国家科技背景,阐述世界主要国家国际科技合作政策与战略,研究世界主要国家国际科技合作的作用及发展趋势,并向中国政府提出国际科技合作的政策建议,为中国国际科技合作提供重要政策借鉴。
510 1  @aInternational science and technology cooperation policy and strategy@zeng
606 0  @a国际合作@x科学技术合作@x科技政策@x研究@y世界
606 0  @a国际合作@x科学技术合作@x发展战略@x研究@y世界
606 0  @a国际合作
606 0  @a科学技术合作
606 0  @a科技政策
606 0  @a发展战略
690    @aG321.5@v4
711 02 @a国际科技合作政策与战略研究课题组@AGuo Ji Ke Ji He Zuo Zheng Ce Yu Zhan Lue Yan Jiu Ke Ti Zu@4编著
801  0 @aCN@bTANGWEI@c20100428
905    @b0594856-60@dG321.5@e32@f5
    
    国际科技合作政策与战略/国际科技合作政策与战略研究课题组编著.-北京:科学出版社,2009
    13,305页;26cm
    
    
    ISBN 978-7-03-022958-8:CNY65.00
    本书对世界各国国际科技合作政策与战略进行较为系统的分析和研究,旨在分析世界主要国家科技背景,阐述世界主要国家国际科技合作政策与战略,研究世界主要国家国际科技合作的作用及发展趋势,并向中国政府提出国际科技合作的政策建议,为中国国际科技合作提供重要政策借鉴。
●
相关链接 在E读中查询图书 在五车中查询图书 在当当中查询图书 在豆瓣中查询图书


正题名:国际科技合作政策与战略     索取号:G321.5/32         预约/预借

序号 登录号 条形码 馆藏地/架位号 状态 备注
1 0594856   205948563   第一样本阅览室/ [索取号:G321.5/32] 在馆    
2 0594857   205948572   第四借阅区/ [索取号:G321.5/32] 在馆    
3 0594858   205948581   第四借阅区/ [索取号:G321.5/32] 在馆    
4 0594859   205948590   第四借阅区/ [索取号:G321.5/32] 在馆    
5 0594860   205948607   第四借阅区/ [索取号:G321.5/32] 在馆    
唐山师范学院图书馆 欢迎您!
大连网信软件有限公司© 版权所有